000 00697aam a2200277 4500
005 20250730112641.0
008 150529b xxu||||| |||| 00| 0 spa d
020 _a9977232873
041 _aESP
082 _aCR 861.4 E19c6
100 _aEcheverría, Aquileo
245 _aConcherías
250 _a6 edición
260 _aCosta Rica
260 _bEditorial Costa Rica
260 _c1986
300 _a142 páginas
490 _aTEMÁTICA GENERAL
650 _aTEMÁTICA GENERAL
650 _aLITERATURA COSTARRICENSE
650 _aPOESÍA COSTARRICENSE
650 _aCONCHERÍAS COSTARRICENSES
650 _aFOLKLORE CAMPESINO
650 _aCOSTA RICA
942 _cLIT
_2ddc
999 _c2421
_d2421